Irish Names - Sudden Death - Statistics

General Stats
  • This quiz has been taken 218 times
  • The average score is 6 of 10
Answers on the Grid
Answers color-coded by a green-red scale on the quiz's grid according to % correct below.
Cillian
Arán
Cáis
Cnónna
Aoife
Manchán
Bainne
Niamh
Caoimhe
Oráiste
Anraith
Ceapaire
Oisín
Liamhás
Píotsa
Eoghan
Áine
Iógart
Deirdre
Rónán
 
Answer Stats
Answer % Correct
Cillian
93%
Aoife
73%
Niamh
72%
Rónán
68%
Caoimhe
65%
Eoghan
65%
Oisín
65%
Deirdre
63%
Áine
53%
Manchán
16%
No matching quizzes found
Score Distribution
Percent of People with Each Score
Percentile by Number Answered
Your Score History
You have not taken this quiz